00243nam a2200097Ia 4500008004100000082001500041100001600056245003500072260001800107600002000125241002s9999 xx 000 0 und d a330.03 WIN aWinton, J.R 2aA Dictionary of Economic Terms aLondon:c1967 aSocial Sciences